Fr. Conceicao Rodrigues College of Engineering

The Art of being alone (Record no. 36300)

MARC details
000 -LEADER
fixed length control field 00350nam a22001457a 4500
003 - CONTROL NUMBER IDENTIFIER
control field OSt
005 - DATE AND TIME OF LATEST TRANSACTION
control field 20260102110220.0
008 - FIXED-LENGTH DATA ELEMENTS--GENERAL INFORMATION
fixed length control field 260102b |||||||| |||| 00| 0 eng d
020 ## - INTERNATIONAL STANDARD BOOK NUMBER
International Standard Book Number 9789355434661
040 ## - CATALOGING SOURCE
Transcribing agency
082 ## - DEWEY DECIMAL CLASSIFICATION NUMBER
Classification number 150
Item number GAV
245 ## - TITLE STATEMENT
Title The Art of being alone
Statement of responsibility, etc. Gavrani,Renuka
260 ## - PUBLICATION, DISTRIBUTION, ETC.
Name of publisher, distributor, etc. Amaryllis
Date of publication, distribution, etc. 2023
942 ## - ADDED ENTRY ELEMENTS (KOHA)
Source of classification or shelving scheme Dewey Decimal Classification
Koha item type BOOK
Call number prefix 150
Call number suffix GAV
Suppress in OPAC No
Holdings
Withdrawn status Lost status Source of classification or shelving scheme Damaged status Not for loan Collection Home library Current library Date acquired Cost, normal purchase price Inventory number Total Checkouts Full call number Barcode Date last seen Price effective from Koha item type
    Dewey Decimal Classification     General Fr. Agnel's C.Rodrigues College of Engineering Fr. Agnel's C.Rodrigues College of Engineering 02/01/2026 499.00 AO/25/12/933 dt 30.12.2025   150/GAV 27059 02/01/2026 02/01/2026 BOOK